000 00470nab a2200145Ia 4500
003 ES-SlBCS
005 20210601124309.0
008 140529s1979 xxu||||| |||| 00| 0 eng d
041 _aeng
100 1 _aReid, William A.
_9139344
245 0 0 _aSchools, Teachers, and Curriculum Change: The Moral Dimension of Theory-Building
_c William A. Reid
650 0 4 _aEscuela
_9131104
773 0 _tEducational Theory
_gvol. 29, nº. 4, 1979, págs. 325-336
_wRev1399
942 _cAR
999 _c512498
_d512498